|
|
|
|
| LEADER |
00000nam0a2200000 4500 |
| 001 |
260841 |
| 005 |
20231101233519.0 |
| 010 |
|
|
|a 9785279032273
|
| 010 |
|
|
|a 978-5-16-003482-9
|
| 035 |
|
|
|a (RuTPU)RU\TPU\book\283811
|
| 090 |
|
|
|a 260841
|
| 100 |
|
|
|a 20140519d2014 m y0rusy50 ca
|
| 101 |
0 |
|
|a rus
|
| 102 |
|
|
|a RU
|
| 105 |
|
|
|a y j 001zy
|
| 200 |
1 |
|
|a Бухгалтерский финансовый учет
|e учебное пособие
|f Е. В. Сулейманова, В. В. Хисамудинов
|
| 210 |
|
|
|a Москва
|c Финансы и статистика
|c Инфра-М
|d 2014
|
| 215 |
|
|
|a 190 с.
|
| 320 |
|
|
|a Библиогр.: с. 184-185.
|
| 330 |
|
|
|a Учебное пособие представляет собой курс лекций по основным темам дисциплины «Бухгалтерский финансовый учет». В пособии нашли отражение принятые в последние годы Положения по бухгалтерскому учету, методические указания к ним и другие нормативно-правовые акты, регулирующие бухгалтерский учет в Российской Федерации. Составлено с учетом требований Государственного образовательного стандарта высшего профессионального образования. Предназначено для студентов вузов, обучающихся по специальностям «Финансы и кредит», «Бухгалтерский учет, анализ и аудит».
|
| 606 |
1 |
|
|a Бухгалтерский учет
|2 stltpush
|3 (RuTPU)RU\TPU\subj\30744
|9 53805
|
| 610 |
1 |
|
|a экономика
|
| 610 |
1 |
|
|a финансы
|
| 610 |
1 |
|
|a финансовый учет
|
| 610 |
1 |
|
|a денежные средства
|
| 610 |
1 |
|
|a текущие обязательства
|
| 610 |
1 |
|
|a расчеты
|
| 610 |
1 |
|
|a оплата труда
|
| 610 |
1 |
|
|a долгосрочные инвестиции
|
| 610 |
1 |
|
|a основные средства
|
| 610 |
1 |
|
|a нематериальные активы
|
| 610 |
1 |
|
|a научно-исследовательские работы
|
| 610 |
1 |
|
|a опытно-конструкторские работы
|
| 610 |
1 |
|
|a технологические работы
|
| 610 |
1 |
|
|a расходы
|
| 610 |
1 |
|
|a финансовые вложения
|
| 610 |
1 |
|
|a материально-производственные запасы
|
| 610 |
1 |
|
|a готовая продукция
|
| 610 |
1 |
|
|a товары
|
| 610 |
1 |
|
|a продажи
|
| 610 |
1 |
|
|a специальное оборудование
|
| 610 |
1 |
|
|a специальные приспособления
|
| 610 |
1 |
|
|a специальная одежда
|
| 610 |
1 |
|
|a финансовые результаты
|
| 610 |
1 |
|
|a капитал
|
| 610 |
1 |
|
|a целевое финансирование
|
| 610 |
1 |
|
|a кредиты
|
| 610 |
1 |
|
|a займы
|
| 610 |
1 |
|
|a учебные пособия
|
| 675 |
|
|
|a 657.22(075.8)
|v 3
|
| 700 |
|
1 |
|a Сулейманова
|b Е. В.
|g Елена Викторовна
|
| 701 |
|
1 |
|a Хисамудинов
|b В. В.
|g Виль Вильданович
|
| 801 |
|
1 |
|a RU
|b 63413507
|c 20140519
|
| 801 |
|
2 |
|a RU
|b 63413507
|c 20150708
|g RCR
|
| 942 |
|
|
|c BK
|
| 959 |
|
|
|a 83/20140519
|d 2
|e 170,00
|f ЧЗГЛ:1
|f АНЛ:1
|